Report Of The Finance Committee On Minerals Royalties Investment Agreement Among The Government Of The Republic Of Ghana Represented By The Ministry Of Finance The Minerals Income Investment Fund, Agyapa Royalties Limited And ARG Royalties Ghana Limited In Relation To Gold Royalties Monetization Transaction Under The Minerals Income Investment Fund Act, 2018 (Act 978); II................................................................................................................................................. (Record no. 5220)

MARC details
000 -LEADER
fixed length control field 00959nam a22001697a 4500
003 - CONTROL NUMBER IDENTIFIER
control field OSt
005 - DATE AND TIME OF LATEST TRANSACTION
control field 20250616124521.0
008 - FIXED-LENGTH DATA ELEMENTS--GENERAL INFORMATION
fixed length control field 250616b |||||||| |||| 00| 0 eng d
041 ## - LANGUAGE CODE
Language code of text/sound track or separate title English
082 ## - DEWEY DECIMAL CLASSIFICATION NUMBER
Classification number Acc. No. 11,070 CR/ARG/20
110 ## - MAIN ENTRY--CORPORATE NAME
Corporate name or jurisdiction name as entry element Finance Committee
245 ## - TITLE STATEMENT
Title Report Of The Finance Committee On Minerals Royalties Investment Agreement Among The Government Of The Republic Of Ghana Represented By The Ministry Of Finance The Minerals Income Investment Fund, Agyapa Royalties Limited And ARG Royalties Ghana Limited In Relation To Gold Royalties Monetization Transaction Under The Minerals Income Investment Fund Act, 2018 (Act 978); II.................................................................................................................................................
260 ## - PUBLICATION, DISTRIBUTION, ETC.
Place of publication, distribution, etc. Accra
Name of publisher, distributor, etc. Parliament Of Ghana
Date of publication, distribution, etc. August 2020
300 ## - PHYSICAL DESCRIPTION
Extent 16P
650 ## - SUBJECT ADDED ENTRY--TOPICAL TERM
Source of heading or term Minerals Income Investment Fund Act, 2018 (Act 978)
942 ## - ADDED ENTRY ELEMENTS (KOHA)
Source of classification or shelving scheme Dewey Decimal Classification
Koha item type Committee Reports
Suppress in OPAC No
Holdings
Withdrawn status Lost status Source of classification or shelving scheme Damaged status Not for loan Home library Current library Shelving location Date acquired Total checkouts Full call number Date last seen Copy number Price effective from Koha item type
    Dewey Decimal Classification     Main Library Main Library Open Shelves 16/06/2025   Acc. No. 11,070 CR/ARG/20 C1 16/06/2025 1 16/06/2025 Committee Reports
    Dewey Decimal Classification     Main Library Main Library Open Shelves 16/06/2025   Acc. No. 11,071 CR/ARG/20 16/06/2025 1 16/06/2025 Committee Reports
©2026  Parliament of Ghana Library - All rights reserved